| 000 | 00000nam##2200000za#4500 |
| 001 | 9.567897 |
| 003 | CaOODSP |
| 005 | 20210624181013 |
| 007 | cr ||||||||||| |
| 008 | 150406|2000||||xxc|||||o f|0| 0 eng|d |
| 040 | |aCaOODSP|beng |
| 043 | |an-cn--- |
| 086 | 1 |aBT31-2/2001-III-85E-PDF |
| 110 | 1 |aCanada. |bTreasury Board. |
| 245 | 10|aCopyright Board Canada, 2000-2001 estimates, part III, report on plans and priorities |h[electronic resource] |
| 246 | 3 |aCopyright Board Canada, 2000-01 estimates, report on plans and priorities |
| 260 | |aOttawa - Ontario : |bTreasury Board of Canada Secretariat |cc2000. |
| 300 | |a21p.|borganization chart, tables |
| 490 | 1 |a2000-2001 estimates. Part III, Report on plans and priorities |v2000-2001 |
| 500 | |aThe catalogue number (BT31-2/2001-III-85) and ISBN (0-660-61207-0) for the bilingual print edition have been incorrectly copied in this electronic publication. |
| 590 | |a10-13-Supp|b2010-11-23 |
| 775 | 08|tCommission du droit d'auteur Canada, budget des dépenses 2000-2001, partie III, rapport sur les plans et les priorités |w(CaOODSP)9.599212 |
| 776 | 0#|tCopyright Board Canada |w(CaOODSP)9.533256 |
| 776 | 0#|tCommission du droit d'auteur Canada |w(CaOODSP)9.533257 |
| 830 | #0|a2000-2001 estimates. Part III, Report on plans and priorities ;|v2000-2001|w(CaOODSP)9.506160 |
| 856 | 40|ahttp://publications.gc.ca|qPDF|s118 KB|uhttps://publications.gc.ca/collections/Collection/BT31-2-2001-III-85E.pdf|y2000-2001 |